000 01013nam a2200265 a 4500
001 25537
003 CO-ViMGA
005 20230915232103.0
008 141112s2004 ck r 000 u spa d
020 _a9789702612247
040 _aCO-ViMGA
_bspa
_cCO-ViMGA
041 _aspa eng
082 0 4 _a540 T45q
100 1 _aTimberlake, Karen C.
_939008
245 1 0 _aQuímica /
_cKaren C. Timberlake, William Timberlake ; traducción Víctor Campos Olguín ; revisión técnica Verónica Garduño García.
250 _a2a. ed. Editor Enrique Quintanar Duarte.
260 _aMéxico :
_bPearson,
_cPrentice Hall,
_c2008.
300 _a[749] p. en varias paginaciones : il. ; 27 cm.
500 _aGlosario p. : I1 - I18.
650 1 4 _aQuímica.
_910461
700 1 _aTimberlake, William.
_939009
942 _2ddc
_cBK
999 _c33120
_d33120